000 01197nam a2200301 i 4500
003 EG-GICUC
005 20260125150408.0
008 260125s2008 ua ||||fr|||| 00| 0 ara d
017 _a2008/14104
020 _a984-977-04 . 56942
040 _a EG-GICUC
_bara
_c EG-GICUC
_d EG-GICUC
_erda
041 0 _aara
082 0 4 _221
_a345
_bم ح . م
092 0 4 _221
099 _aLaw1 07 345 م ح . م 2008
100 0 _aمحمد أحمد عبد النعيم
_eمؤلف.
245 1 0 _aحل مجالس إدارة الأندية الرياضية (المنازعات وآليات التسوية) :
_bدراسة تحليلية مقارنة /
_cإعداد دكتور محمد أحمد عبد النعيم.
264 1 _aالقاهرة :
_bدار النهضة العربية،
_c2008.
300 _a264 صفحة؛
_c24 سم.
336 _2rda content
_atext
337 _2rda media
_aComputer
338 _2rda carrier
_aOnline Resource
546 _aالنص أغلبه باللغة العربية مع بعض النصوص الفرنسية
650 1 4 _aالقانون الإداري
856 4 0 _uhttps://fll.law.cu.edu.eg/fulltext/bks/B07-03294.pdf
905 _a32
942 _2ddc
_cBK
_e21
_n0
999 _c59209
_d59209